| 000 | 00398nam a2200157Ia 4500 | ||
|---|---|---|---|
| 008 | 210716s2007 xx 000 0 und d | ||
| 020 | _a9788120320635 | ||
| 041 | _aeng | ||
| 082 | _a005.42 TANA | ||
| 100 | _aTanenbaum, Andrew S. | ||
| 245 | _aModern operating systems. | ||
| 250 | _a2 | ||
| 260 |
_aNew Delhi _bPHI Learning Pvt Ltd _c2007 |
||
| 300 | _axxiv,951 | ||
| 650 | _aOperating Systems | ||
| 999 |
_c188100 _d188100 |
||